| 000 | 00999nam a2200229Ia 4500 | ||
|---|---|---|---|
| 003 | Ost | ||
| 005 | 20260507075137.0 | ||
| 008 | 260507s9999||||xx |||||||||||||| ||und|| | ||
| 040 | _cfsecg | ||
| 041 | _aara | ||
| 082 | _a330 | ||
| 100 |
_aالهدمي، ماجد سلام _eمؤلف |
||
| 245 | 0 |
_aمبادئ إدارة الازمات : _bالإستراتيجية والحلول / _c ماجد سلام الهدمي |
|
| 260 |
_aعمان: _bدار زهران للنشر والتوزيع, _c[دون تاريخ] |
||
| 300 |
_a204 صفحة؛ _bإيضاحات ؛ _c25 سم |
||
| 520 | _aمدخل الى علم الأزمات- نشوء الأزمات وسلوكها- المتطلبات الإدارية للتعامل مع الأزمات- خطوات وطرق التعامل مع الأزمات- إدارة الأزمات | ||
| 653 | _aإدارة الأزمات | ||
| 653 | _aالإدارة | ||
| 653 | _aالأزمات | ||
| 700 |
_aمحمد، جاسم _eمؤلف ثانوي |
||
| 942 | _cكتاب | ||
| 999 |
_c43274 _d43274 |
||